000 00405 a2200157 4500
005 20250628100002.0
020 _a0-07-299983-7
082 _a658.4013 GIT
100 _aGITLOW, H.S.
245 _aQuality Management
250 _a3rd Ed.
260 _aBoston
_bMcGraw-Hill Irwin
_c2005
300 _axvii; 797Pages; Tables;Index
_bIllustration
_c23cm
700 _aOPPENHEIM A.J et all.
942 _2ddc
_cBKS
999 _c5938
_d5938